00471pab a2200145 454500008004000000100002100040245010900061260000900170300001200179362000800191650003000199650002100229700002400250773005100274180718b2007 xxu||||| |||| 00| 0 eng d aBaber, Walter F. aProblematic participants in deliberative democracy: experts, social movements, and environmental justice c2007 ap.5-22. aJan aEnvironmental legislation aSocial movements aBartlett, Robert V. aInternational Journal of Public Administration